| 000 | 00539nam a22001937a 4500 | ||
|---|---|---|---|
| 003 | CEME | ||
| 005 | 20210628202808.0 | ||
| 008 | 210120b xxu||||| |||| 00| 0 eng d | ||
| 020 | _a0-07-135675-4 | ||
| 040 | _cceme | ||
| 082 | _a621.183076 CHA | ||
| 100 |
_aChattopadhyay, P _961491 |
||
| 245 | _aBoiler operation engineering , questions and answers | ||
| 250 | _a2ND | ||
| 260 |
_aNEW YORK _bMCGRAW HILL _c2001 |
||
| 300 | _aXIV,1377 P | ||
| 650 |
_aBOILER OPERATION ENGINEERING- QUESTIONS AND ANSWERS _961668 |
||
| 942 |
_cBK _2ddc |
||
| 999 |
_c571045 _d571045 |
||